header

Exhibiting slavery (Record no. 130698)

MARC details
000 -LEADER
fixed length control field 02056nam a2200505 a 4500
082 04 - DEWEY DECIMAL CLASSIFICATION NUMBER
Classification number 809.3/009729
100 1# - MAIN ENTRY--AUTHOR NAME
Personal name Halloran, Vivian Nun,
245 10 - TITLE STATEMENT
Title Exhibiting slavery
260 ## - PUBLICATION, DISTRIBUTION, ETC. (IMPRINT)
Place of publication Charlottesville :
Name of publisher University of Virginia Press,
Year of publication 2009.
300 ## - PHYSICAL DESCRIPTION
Number of Pages x, 207 p.
490 1# - SERIES STATEMENT
Series statement New World studies
500 ## - GENERAL NOTE
General note "American Literatures Initiative"--T.p. verso.
650 #0 - SUBJECT ADDED ENTRY--TOPICAL TERM
Topical Term Caribbean fiction
Topical Term Slavery in literature.
Topical Term Archives in literature.
Topical Term Slavery
Topical Term Caribbean fiction (English)
Topical Term Caribbean fiction (French)
Topical Term Caribbean fiction (Spanish)
Topical Term Postmodernism (Literature)
856 40 - ELECTRONIC LOCATION AND ACCESS
Uniform Resource Identifier http://site.ebrary.com/lib/rucke/Doc?id=10495626

No items available.

© 2026 Rongo University
Contact us: librarian | system librarian | Rongo university